Harry Potter First Names - Statistics

General Stats
  • This quiz has been taken 1,308 times
  • The average score is 14 of 15
Answer Stats
Hint Answer % Correct
Potter Harry
100%
Weasley (boy) Ron
100%
Weasley (girl) Ginny
99%
Granger Hermione
99%
Malfoy Draco
98%
Dumbledore Albus
97%
Black Sirius
97%
Chang Cho
96%
Krum Victor
96%
Marvolo Riddle Tom
95%
Hagrid Rubeus
91%
Crabbe Vincent
82%
Abbott Hannah
81%
Bagshot Bathilda
77%
Vane Romilda
65%
No matching quizzes found
Score Distribution
Percent of People with Each Score
Percentile by Number Answered
Your Score History
You have not taken this quiz